000 00523nam a2200181Ia 4500
003 OSt
005 20201118150009.0
008 201118b ||||| |||| 00| 0 eng d
020 _a9788177589009
040 _coclc
082 _a512.02
_bFRA/F
100 _93849
_aFraleigh, John B
245 _aA First Course In Abstract Algebra /
_cJohn B Fraleigh
250 _a7th Ed.
260 _aNew Delhi:
_bPearson Education,
_c2007.
300 _a530p
942 _2ddc
_cBK
_h512.02
_iFRA/F
_k512.02
_mFRA/F
999 _c31813
_d31813